Lesser known Marine Animals Of India/ (Record no. 188876)

MARC details
000 -LEADER
fixed length control field 00569nam a22001817a 4500
005 - DATE AND TIME OF LATEST TRANSACTION
control field 20230920153351.0
010 ## - LCCN (DPL NO)
LC control number ENG-133066
020 ## - INTERNATIONAL STANDARD BOOK NUMBER
International Standard Book Number 9788181714145
Terms of availability 2500.00
035 ## - SYSTEM CONTROL NUMBER
System control number EN-116598
037 ## - SOURCE OF ACQUISITION
Source of stock number/acquisition DBAD/PUB
082 ## - DEWEY DECIMAL CLASSIFICATION NUMBER
Classification number 591.770954
100 ## - MAIN ENTRY--PERSONAL NAME
Personal name Venkataraman, K.
245 ## - TITLE STATEMENT
Title Lesser known Marine Animals Of India/
Statement of responsibility, etc By K. Venkataraman [et.al...]
260 ## - PUBLICATION, DISTRIBUTION, ETC. (IMPRINT)
Place of publication, distribution, etc Kolkata
Name of publisher, distributor, etc Zoological Survey of India
Date of publication, distribution, etc 2015
270 ## - ADDRESS
Address M-Block, New Alipore
City Kolkata
Postal code 700053
300 ## - PHYSICAL DESCRIPTION
Extent 550p.
Dimensions 25cm(hbk)
Other physical details Index
942 ## - ADDED ENTRY ELEMENTS (KOHA)
Source of classification or shelving scheme Dewey Decimal Classification
Item type English Books
Call number suffix VEN
Classification part 591.770954
Holdings
Withdrawn status Lost status Not for loan Collection code Home library Current library Date acquired Source of acquisition Cost, normal purchase price Full call number Barcode Copy number Cost, replacement price Koha item type
      Non-fiction D.B.Act.Division Mobile Library 07/06/2022 DBAD/PUB 2500.00 591.770954 VEN EN-116598 1 2500.00 English Books

© Delhi Public Library
Hit Counter
free hit counter